| 000 | 00459nam a2200193Ia 4500 | ||
|---|---|---|---|
| 005 | 20250423095043.0 | ||
| 008 | 250422s9999 xx 000 0 und d | ||
| 020 | _a9789350142684 | ||
| 050 | _aTK 5103.7 .S53/ | ||
| 100 | _aSharma, Sanjay. | ||
| 245 | 0 | _aDigital communications | |
| 250 | _a7th ed. | ||
| 260 | _aNew Delhi | ||
| 260 | _bS. K. Kataria & Sons | ||
| 260 | _c2016 | ||
| 300 | _a722 p | ||
| 650 | _aDigital communications. | ||
| 942 | _cBK | ||
| 999 |
_c29099 _d29099 |
||